00685nam a22001937a 4500999001900000005001700019010001500036020002600051035001400077037001300091082001100104100002500115245005100140260004100191270008000232300002000312942002500332952013400357 c173519d17351920200302105210.0 aENG-127945 a9788175247499c800.00 aEN-111477 bDBAD/PUB a796.03 aBanerjee,Rajat Kumar aSports Encyclopaedia/cby Rajat Kumar Banerjee aNew DelhibKhel Sahitya Kendrac2016 a7/26, Ansari Road, DaryaganjbNew Delhie110002mkhelsahitya@rediffmail.com a325p.c22cm(hb) 2ddccENh796.03mBAN 001040708NFICaLbLd2020-03-02eDBAD/PUBg800.00l3m2o796.03 BANpEN-111477r2023-08-19 00:00:00s2023-08-09t1v800.00yEN